000 00547nam a22002177a 4500
003 UA-OsUOA
001 37593
007 ta
008 20060331b un ||||| |||| 00| 0 ukr d
100 _aКоваленко Л.
090 _a94(477)
_bК11
942 _cSA
040 _aUA-OsUOA
_bukr
_cUA-OsUOA
_dUA-OsUOA
245 _aВаряги, нормани, вікінги...
300 _aС.11
955 _a0
041 _aukr
080 _a94(477)
773 0 _w37592
650 7 _a9 Географія. Біографії. Історія
_2UDC
999 _c323771
_d323771